Statistics for Capital Cities with a W in Its Spelling

Click here to take the quiz!

General Stats

  • This quiz has been taken 57 times
    (35 since last reset)
  • The average score is 12 of 18

Answer Stats

Answer% Correct
WASHINGTON, D.C.
93%
WELLINGTON
89%
OTTAWA
79%
GEORGETOWN
75%
KINGSTOWN
75%
MOSCOW
75%
WARSAW
75%
WINDHOEK
75%
KUWAIT CITY
68%
FREETOWN
64%
NEW DELHI
64%
BRIDGETOWN
54%
NAY PYI TAW
54%
SRI JAYAWARDENEPURA KOTTE
54%
SOUTH TARAWA
50%
BANDAR SERI BEGAWAN
43%
CAPETOWN
39%
LILONGWE
29%

Score Distribution

Percentile by Number Answered

Percent of People with Each Score

Your Score History

You have not taken this quiz since the last reset